|
|
|
|
| LEADER |
02491nem a22005052a 4500 |
| 001 |
mzk03001076401 |
| 003 |
CZ BrMZK |
| 005 |
20130117114139.0 |
| 007 |
aj|c|||| |
| 008 |
091112s1813 au |||||||a|||r|0|||gerod |
| 034 |
1 |
|
|a a
|b 85000
|d E0080537
|e E0084530
|f N0490158
|g N0484048
|
| 040 |
|
|
|a BOA001
|b cze
|
| 043 |
|
|
|a e-gx---
|
| 072 |
|
7 |
|a 355/359
|x Vojenství. Obrana země. Ozbrojené síly
|2 Konspekt
|9 15
|
| 072 |
|
7 |
|a 912:904
|x Staré mapy
|2 Konspekt
|9 7
|
| 080 |
|
|
|a (084.3)
|2 MRF
|
| 080 |
|
|
|a (430.127)
|2 MRF
|
| 080 |
|
|
|a 355.483
|2 MRF
|
| 100 |
1 |
|
|a Höhm
|4 aut
|
| 245 |
1 |
0 |
|a Schlacht bey Malsch am neunten July 1796
|h [kartografický dokument] /
|c Oberl. Höhm del. ; Ponheimer sc. ; A. Müller scrip.
|
| 255 |
|
|
|a Měřítko [ca 1:85 000]. Maasstab von 15000 Schritten oder 1 1/2 Deutsche Meilen 13 cm = 15000
|c (008°05´37" v.d.--008°45´30" v.d./049°01´58" s.š.--048°40´48" s.š.)
|
| 260 |
|
|
|a [Wien :
|b Gedruckt bei J. V. Degen,
|c 1813]
|
| 300 |
|
|
|a 1 mapa :
|b mědirytina, ručně kolorovaná ;
|c 39 x 60 cm na listu 45,5 x 66 cm, složeno na 28,5 x 42 cm
|
| 500 |
|
|
|a A. 53
|
| 500 |
|
|
|a Mapa součástí souboru 12 map zachycujících vojenské strategie rakouského arcivévody Karla
|
| 500 |
|
|
|a Na zadní straně štítek s rámcem z typografických ozdob a názvem: II. Schlacht bei Malsch
|
| 500 |
|
|
|a Výzdoba: V levém horním rohu směrová ružice, v pravém horním rohu měřítko, u pravého okraje název a vysvětlivky
|
| 500 |
|
|
|a Zobrazení postavení vojsk
|
| 510 |
3 |
|
|a IKAR
|
| 563 |
|
|
|a Vloženo do polokožených kartonových desek s tkanicemi, na přední straně nápis Strategie - Feldzug von 1796
|
| 655 |
|
7 |
|a historické mapy
|7 fd186723
|2 czenas
|
| 650 |
0 |
7 |
|a bojiště
|7 ph210498
|2 czenas
|
| 651 |
|
7 |
|a Bádensko-Württembersko (Německo)
|7 ge128877
|2 czenas
|
| 700 |
1 |
|
|a Müller, Andreas
|4 aut
|
| 700 |
1 |
|
|a Ponheimer, Kilian,
|d 1788-1829
|7 mzk2009511578
|4 egr
|
| 700 |
1 |
|
|a Degen, Joseph Vinzenz,
|d 1762-1827
|7 xx0096932
|4 oth
|
| 700 |
0 |
|
|a Karel,
|c rakouský arcivévoda,
|d 1771-1847
|7 xx0008725
|4 aut
|
| 787 |
0 |
8 |
|a Samostatná mapa publikovaná v díle:
|t Grundsätze der Strategie erläutert durch die Darstellung des Feldzuges von 1796 in Deutschland.
|g Plan II
|
| 856 |
4 |
1 |
|u http://mapy.mzk.cz/mzk03/001/076/401/2610400321
|y Digitalizovaný dokument
|
| 910 |
|
|
|a BOA001
|b STMpa-1211.447,3
|
| 978 |
|
|
|b Degen, Johann Vinzenz
|a Wien
|c 1813
|
| 984 |
|
|
|a Vídeň
|b Rakousko
|
| 985 |
|
|
|a 1801-1850
|
| 990 |
|
|
|a MP
|
| 991 |
|
|
|k mzk
|